House construction : wall defects part 1 [video recording]

Bibliographic Details
Format: Book
Published: Bristol : University of the West of England , 1995
Subjects:

MARC

LEADER 00000cam a2200000 7i4500
001 0000014165
005 20061207.0
040 |a INS 
090 0 0 |a TH8120 1995 
245 1 0 |a House construction :   |b wall defects part 1 [video recording] 
260 |a Bristol :   |b University of the West of England ,   |c 1995 
300 |a 1 video cassette (VHS) (0:26) :   |b sd., col. ;   |c 1/2 in. 
650 0 0 |a Walls 
999 |a 1011   |b VIDEO   |c Open Shelf   |e Default branch 
999 |a VHS1011   |b VIDEO   |c Media Collection   |e Default branch